000
00474nam a2200181Ia 4500
008
090123s9999 xx 000 0 und d
082
_b
3427
_a
891.463/भेंडे
100
_a
भेंडे सुभाष
245
_a
अदेशी
250
_a
1
260
_c
1973
300
_a
134
600
_a
भेंडे सुभाष
630
_a
अदेशी
700
_a
भेंडे सुभाष
730
_a
अदेशी
942
_c
BOOK
999
_c
41507
_d
41507